Govt. of
Madhya Pradesh

SSC Combined Preliminary Metric Level Exam (Record no. 32780)

MARC details
000 -LEADER
fixed length control field 003360000a22001450004500
003 - CONTROL NUMBER IDENTIFIER
control field MACL
040 ## - CATALOGING SOURCE
Original cataloging agency MACL
090 ## - LOCALLY ASSIGNED LC-TYPE CALL NUMBER (OCLC); LOCAL CALL NUMBER (RLIN)
-- 33122
-- 33120
100 ## - MAIN ENTRY--PERSONAL NAME
Personal name Malhotra, Dr A M
245 ## - TITLE STATEMENT
Title SSC Combined Preliminary Metric Level Exam
260 ## - PUBLICATION, DISTRIBUTION, ETC. (IMPRINT)
Name of publisher, distributor, etc. Bright Careers Institute
Date of publication, distribution, etc. 2002
350 ## - PRICE (NR) (BK AM CF MU VM SE) [OBSOLETE]
Price 95
650 ## - SUBJECT ADDED ENTRY--TOPICAL TERM
Topical term or geographic name as entry element Education
942 ## - ADDED ENTRY ELEMENTS (KOHA)
Koha item type Library Membar
Call number prefix 373/MAL
Holdings
Withdrawn status Lost status Damaged status Not for loan Home library Current library Date acquired Total Checkouts Full call number Barcode Date last seen Date last checked out Uniform Resource Identifier Price effective from Koha item type
        MACL MACL 15/04/2015 1 373/MAL BOOK CLC1134 24/02/2016 20/12/2015 32836 15/04/2015 Books